Online
Catalog

Inicie su negocio en web : (Record no. 22493)

MARC details
000 -CABECERA
campo de control de longitud fija 00916nam a2200253 a 4500
001 - NÚMERO DE CONTROL
campo de control 000022996
005 - FECHA Y HORA DE LA ÚLTIMA TRANSACCIÓN
campo de control 20260211120828.0
008 - DATOS DE LONGITUD FIJA--INFORMACIÓN GENERAL
campo de control de longitud fija 101124s1998 mx a 001 0 spa d
020 ## - NÚMERO INTERNACIONAL ESTÁNDAR DEL LIBRO
Número Internacional Estándar del Libro 9688809748
040 ## - FUENTE DE LA CATALOGACIÓN
Centro catalogador/agencia de origen DO-SdBNP
Lengua de catalogación spa
Centro/agencia transcriptor BNPHU
082 ## - NÚMERO DE LA CLASIFICACIÓN DECIMAL DEWEY
Número de clasificación 658.84
Número de documento/Ítem C771i
049 ## - FONDOS LOCALES (OCLC)
Fondos de biblioteca BNGR
100 1# - ENTRADA PRINCIPAL--NOMBRE DE PERSONA
Nombre de persona Cook, David,
9 (RLIN) 47302
245 10 - MENCIÓN DE TÍTULO
Título Inicie su negocio en web :
Resto del título consejos prácticos para llevar con éxito su negocio a un público mundial /
Mención de responsabilidad, etc. David Cook, Deborah Sellers ; traducción de Jorge Alberto Velázquez Arellano.
260 ## - PUBLICACIÓN, DISTRIBUCIÓN, ETC.
Lugar de publicación, distribución, etc. México :
Nombre del editor, distribuidor, etc. Prentice-Hall Hispanoamericana,
Fecha de publicación, distribución, etc. 1998.
300 ## - DESCRIPCIÓN FÍSICA
Extensión xxvii, 621 p. :
Otras características físicas il. ;
Dimensiones 23 cm.
500 ## - NOTA GENERAL
Nota general Incluye índice.
650 #0 - PUNTO DE ACCESO ADICIONAL DE MATERIA--TÉRMINO DE MATERIA
Término de materia o nombre geográfico como elemento de entrada Comercio electronico
9 (RLIN) 47303
650 #4 - PUNTO DE ACCESO ADICIONAL DE MATERIA--TÉRMINO DE MATERIA
Término de materia o nombre geográfico como elemento de entrada Mercadeo por internet
9 (RLIN) 47304
650 #4 - PUNTO DE ACCESO ADICIONAL DE MATERIA--TÉRMINO DE MATERIA
Término de materia o nombre geográfico como elemento de entrada Negocios por internet
9 (RLIN) 47305
700 1# - PUNTO DE ACCESO ADICIONAL--NOMBRE DE PERSONA
Nombre de persona Sellers, Deborah
9 (RLIN) 47306
700 1# - PUNTO DE ACCESO ADICIONAL--NOMBRE DE PERSONA
Nombre de persona Velázquez Arellano, Jorge Alberto,
Término indicativo de función/relación tr.
9 (RLIN) 47307
910 ## - DATOS DE OPCIÓN DEL USUARIO (OCLC)
Datos de opción del usuario WM
Holdings
Estado de retiro Estado de pérdida Restricciones de uso No para préstamo Código de colección Localización permanente Ubicación/localización actual Ubicación en estantería Fecha de adquisición Número de inventario Total de préstamos Signatura topográfica completa Código de barras Fecha visto por última vez Precio válido a partir de Tipo de ítem Koha
        Monografías: Libros y Folletos General General Depósito 24.11.2010 LF1   658.84 C771i 22996-10 25.06.2020 25.06.2020 Préstamo en sala

Powered by Koha